| 000 | 00828nam a2200229 i 4500 | ||
|---|---|---|---|
| 001 | 28980 | ||
| 003 | ES-MaACL | ||
| 005 | 20230906153948.0 | ||
| 007 | t| | ||
| 008 | 030120s1970 be ||||1| spa d | ||
| 100 | 1 |
_aBalty, Janine. _925134 |
|
| 245 | 1 | 0 |
_aInvestigaciones arqueológicas belgas en Siria _b: Apamea de Orontes / _cpor Janine y Jean Ch. Balty y Michel Dewez ; (mapas y planos de Philippe Delvaux). |
| 260 |
_aBruselas : _bMinisterio de Asuntos Extranjeros y del Comercio Exterior, _c1970. |
||
| 300 |
_a87 p., 6 lám. ; _c22 cm. |
||
| 490 | 1 |
_aNoticias de Bélgica ; _v112 |
|
| 700 | 1 |
_aDelvaux, Philippe. _943606 |
|
| 700 | 1 |
_aBalty, Jean Ch. _925135 |
|
| 700 | 1 |
_aDewez, Michel. _944044 |
|
| 830 | 0 |
_aNoticias de Bélgica ; _v112 _9182062 |
|
| 852 |
_aES-MaACL _jC-45590 _bR.73412 |
||
| 999 |
_c28980 _d28980 |
||